ՀՀ Գիտությունների ազգային ակադեմիայի հիմնարար գիտական գրադարան  =   Fundamental Scientific Library of NAS RA

Հայաստանի կրծողները և պայքարը նրանց դեմ / (Record no. 9757)

MARC details
000 -LEADER
fixed length control field 00702nam a2200205 a 4500
001 - CONTROL NUMBER
control field 000024176
003 - CONTROL NUMBER IDENTIFIER
control field AM-YEHGA
005 - DATE AND TIME OF LATEST TRANSACTION
control field 20250618070849.0
008 - FIXED-LENGTH DATA ELEMENTS--GENERAL INFORMATION
fixed length control field 001004s1944 ai ||||| |||| | arm d
040 ## - CATALOGING SOURCE
Original cataloging agency AM-YeHGA
041 0# - LANGUAGE CODE
Language code of text/sound track or separate title arm
090 ## - LOCALLY ASSIGNED LC-TYPE CALL NUMBER (OCLC); LOCAL CALL NUMBER (RLIN)
-- 9824
100 1# - MAIN ENTRY--PERSONAL NAME
Personal name Պողոսյան, Ար.
245 10 - TITLE STATEMENT
Title Հայաստանի կրծողները և պայքարը նրանց դեմ /
Statement of responsibility, etc. Ար. Պողոսյան ; Խմբ.` Ա. Տեր-Պողոսյան.
260 ## - PUBLICATION, DISTRIBUTION, ETC.
Place of publication, distribution, etc. Երևան :
Name of publisher, distributor, etc. Հայպետհրատ,
Date of publication, distribution, etc. 1944.
300 ## - PHYSICAL DESCRIPTION
Extent 60 էջ ;
Dimensions 22 սմ.
650 14 - SUBJECT ADDED ENTRY--TOPICAL TERM
Topical term or geographic name entry element Կրծողներ
Geographic subdivision Հայաստան
700 1# - ADDED ENTRY--PERSONAL NAME
Personal name Տեր-Պողոսյան, Ավետիք Գրիգորի,
Dates associated with a name 1880-1954
Relationship edt
9 (RLIN) 3929
942 ## - ADDED ENTRY ELEMENTS (KOHA)
Source of classification or shelving scheme Universal Decimal Classification
Koha item type Քարտեզներ / Maps
Holdings
Withdrawn status Lost status Damaged status Not for loan Collection Home library Current library Date acquired Total checkouts Full call number Barcode Date last seen Cost, replacement price Price effective from Koha item type Public note
        General Fundamental Scientific Library Fundamental Scientific Library 21/12/2016   AII/16269 FL0010327 21/12/2016 3.00 21/12/2016 Գրքեր / Books 30 Days Loan
        General Fundamental Scientific Library Fundamental Scientific Library 21/12/2016   AII/25035 220025035 21/12/2016 3.00 21/12/2016 Գրքեր / Books 30 Days Loan


ՀՀ ԳԱԱ հիմնարար գիտական գրադարան
ՀՀ,Երևան 0019
Մարշալ Բաղրամյան 24/6
հեռախոս:(374-10) 52-47-50
Հետադարձ կապ

All site content, except where otherwise noted, is licensed under a
Creative Commons License